| 000 -ლიდერი |
| ფიქსირებული სიგრძის საკონტროლო ველი |
01928nam a2200253Ia 4500 |
| 001 - საკონტროლო ნომერი |
| საკონტროლო ველი |
18783 |
| 003 - საკონტროლო ნომრის იდენტიფიკატორი |
| საკონტროლო ველი |
GE_BSU |
| 005 - ბოლო ოპერაციის თარიღი და დრო |
| საკონტროლო ველი |
20220919163753.0 |
| 008 - ფიქსირებული სიგრძის მონაცემთა ელემენტები - ზოგადი ინფორმაცია |
| ფიქსირებული სიგრძის საკონტროლო ველი |
181216s2013||||ge |||||||||||||| ||geo|| |
| 040 ## - კატალოგიზაციის წყარო |
| Transcribing agency |
GE_BSU |
| 041 ## - ენის კოდი |
| Language code of text/sound track or separate title |
geo |
| 080 ## - უნივერსალური ათობითი კლასიფიკაციის ინდექსი |
| Universal Decimal Classification number |
61 რ-26 |
| 100 ## - მთავარი ჩანაწერი - პიროვნების სახელი |
| Personal name |
რატიანი, ლევან |
| 9 (RLIN) |
10086 |
| 245 ## - ცნობა სათაურის შესახებ |
| Title |
ათეროსკლეროზით გამოწვეული კარდიოვასკულური დაავადებების რისკის მარკერები რეპროდუქციული და მენოპაუზის ასაკის ქალებში : დისერტაცია / |
| Remainder of title |
|
| Statement of responsibility, etc |
ლევან, რატიანი;სამეცნიერო ხელმძღვანელ მაია სულაქველიძე, თამარ სანიკიძე; თბილისის სახ-ლო სამედიცინო უნ-ტი. |
| 264 ## - წარმოების, გამოცემის, დისტრიბუციის და სხვა ცნობები |
| გამოცემის, წარმოების, დისტრიბუციის... ადგილი |
თბილისი, |
| გამოცემის, წარმოების, დისტრიბუციის... სახელწოდება |
|
| გამოცემის, წარმოების, დისტრიბუციის... თარიღი |
2013. |
| 300 ## - ფიზიკური აღწერა |
| Extent |
260 გვ.; |
| Other physical details |
30 სმ. |
| 653 ## - INDEX TERM--UNCONTROLLED |
| Uncontrolled term |
ათეროსკლეროზით გამოწვეული კარდიოვასკულური დაავადებების რისკის მარკერები რეპროდუქციული და მენოპაუზის ასაკის ქალებში |
| 653 ## - INDEX TERM--UNCONTROLLED |
| Uncontrolled term |
დისერტაცია |
| 653 ## - INDEX TERM--UNCONTROLLED |
| Uncontrolled term |
მედიცინა |
| 700 ## - ADDED ENTRY--PERSONAL NAME |
| Personal name |
სულაქველიძე, მაია |
| Relator term |
სამეცნიერო ხელმძღვანელი |
| 9 (RLIN) |
6367 |
| 700 ## - ADDED ENTRY--PERSONAL NAME |
| Personal name |
სანიკიძე, თამარ |
| Relator term |
სამეცნიერო ხელმძღვანელი |
| 9 (RLIN) |
11300 |
| 710 ## - ADDED ENTRY--CORPORATE NAME |
| Corporate name or jurisdiction name as entry element |
თბილისის სახელმწიფო სამედიცინო უნივერსიტეტი |
| 9 (RLIN) |
11597 |
| 942 ## - ADDED ENTRY ELEMENTS (KOHA) |
| Koha item type |
წიგნი |
| Source of classification or shelving scheme |
|